000 00689nam a2200205 i 4500
001 91500
003 ES-MaACL
005 20250826062848.0
007 t|
008 050131s1932 sp ||||1| spa d
110 0 0 _aEspaña.
_tLeyes, etc.
_9184149
245 1 0 _aLey de 21 de noviembre de 1931 relativa al Contrato de Trabajo.
260 _aMadrid :
_b[s.n.,
_c1932]
300 _a24 p. ;
_c22 cm.
500 _aPrecede al tít.: Ministerio de Trabajo y Previsión.
650 7 _aContratos de trabajo-
_xDerecho y legislación
_zEspaña
_2
_9169527
710 1 _aEspaña.
_bMinisterio de Trabajo y Previsión
_93933
852 _aES-MaACL
_j1757-F-12
999 _c91500
_d91500